| 000 | 00650nam a22002053a 4500 | ||
|---|---|---|---|
| 005 | 20251104063906.0 | ||
| 008 | 011023s1998 mx fr 000 0 spa d | ||
| 020 | _a8425020369 | ||
| 035 | _aUPN01000113360 | ||
| 049 | _aCG | ||
| 050 | 4 |
_aQP376 _bG3.28 |
|
| 100 | 1 | _aGazzaniga, Michael S. | |
| 245 | 1 | 0 |
_aCuestiones de la mente : _bcómo interactúan la mente y el cerebro para crear nuestra vida consciente / _cMichael Gazzaniga ; tr. Dora Vidoni. |
| 260 |
_aBarcelona, Esp. : _bHerder, _cc1998. |
||
| 300 | _a262 p. | ||
| 650 | 4 |
_aCerebro _95053 |
|
| 650 | 4 |
_aNeuropsicología _910531 |
|
| 650 | 2 |
_aEnfermedades mentales _912828 |
|
| 905 | _aLibro | ||
| 999 |
_c87268 _d87268 |
||